Регионална библиотека "Любен Каравелов" - Русе

Учебник по старогръцки език : (Запис номер 524606)

MARC детайли
000 -Лидер
Лидер 01372nam a2200289 a 4500
003 - Код на организацията, давaща контролен номер
Код на организацията, даваща контролен номер BLK
005 - Дата и час на последна редакция
Дата и час на последна редакция 20250107141302.0
007 - Фиксирано поле за физическо описани
Физическо описание ta
008 - Елементи от данни с фиксирана дължина
Елементи с фиксирана дължина 210413b bu |||||r|||| 00| | bu d
040 ## - Източник на каталожния запис
Код на библиотеката BLK
041 ## - Код за език
Език Български
-- Старогръцки
Език за КДБФ Български
080 ## - УДК
УДК текст Старогръцки език
УДК код 811.142
УДК – определител `36(075.8)
УДК – код + определител 811.142`36(075.8)
084 ## - Класификационен индекс по друга класификация
Авторски знак Тодо - Т 64
100 1# - Редна дума - Автор
R(LIN) 129110
Автор Тодоранова, Василена Стайкова
245 ## - Сведения за заглавието
Заглавие Учебник по старогръцки език :
Подзаглавни данни за студентите българисти от СУ Климент Охридски
Авторска отговорност Василена Тодоранова.
250 ## - Област на изданието
Поредност на изданието 2. прераб. изд.
260 ## - Област на издателските данни
Място на издаване София
Име на издателя Унив. изд. Св. Климент Охридски
Година на издаване 1991
9 (RLIN) 209716
300 ## - Физическа характеристика
Брой страници 131 с.
Илюстрации с табл.
Размер 21 см
380 ## - Жанр
Жанр Езикознание. Филология
500 ## - Общи забележки
Обща забележка 1. изд. 1985 г. на изд. Наука и изкуство. - Офс. изд. - Учебникът съдържа старогръцко-български и българско-старогръцки речник.<br/>
650 #0 - Допълнително описание по предмет – тема
9 (RLIN) 253994
Предметна рубрика Старогръцки език - учебници за ВУЗ
852 ## - Местоположение
Отдел Заемна - подръчен фонд
Систематично-азбучна сигнатура 811/Т 64 В
856 ## - Електронен адрес и достъп
Инструкция (цена за достъп) 0.00
Права за достъп disable
942 ## - АРТИКУЛИ
Вид на библиотечния документ Книги
Скрит в OPAC Не
Периодичен библиозапис Да
944 ## - СЪЗДАВАНЕ И РЕДАКЦИЯ на ЗАПИСА
Създаване/Редакция
Дата на регистрацията/редакция Севдалина Тодорова
Служител, извършил регистрацията/редакцията 30540
Номер на служител Севдалина Тодорова
999 ## - СИСТЕМНИ КОНТРОЛНИ НОМЕРА
Koha biblionumber 524606
Koha biblioitemnumber 524606
Наличности
Код за отписване Код за изгубен артикул Източник на класификационната схема Код за повреда Код за отдаване Артикулен № Име на библиотеката - собственик Име на библиотеката, в която се намира в момента Статус (Текущо местоположение) Дата на вписване в системата Местоположение - отдел Цена в лева Инвентарен номер Систематично азбучна сигнатура Баркод Цена в евро Служебен тип на артикула
  Не е изгубен Universal Decimal Classification Не е повреден заемане за дома 957688 Регионална библиотека "Любен Каравелов" Русе Регионална библиотека "Любен Каравелов" Русе Заемна - подръчен фонд 2025-01-08 Заемна - подръчен фонд 0.47 120000916467 811/Т 64 В 120000916467 0.24 Книги
Vip Innovations Ltd, Rousse, Bulgaria 2025